| Tag |
First Indicator |
Second Indicator |
Subfields |
| LEADER |
00000cjm a2200000Ia 4500 |
| 001 |
in00004584213 |
| 008 |
821221s1980 enksnnn efh n zxx d |
| 007 |
sd bsmenn||||| |
| 005 |
20220630183257.1 |
| 010 |
|
|
|z 80750287
|z 80750288
|
| 035 |
|
|
|a (OCoLC)ocm09073655
|
| 035 |
|
|
|a (OCoLC)ocm09073655
|
| 040 |
|
|
|a TSW
|b eng
|c TSW
|d OCL
|d OCLCQ
|d RES
|d CRH
|d OCLCQ
|d OCLCO
|d OCLCF
|d OCLCQ
|d OCLCA
|d OCLCO
|
| 019 |
|
|
|a 7199659
|
| 028 |
0 |
2 |
|a CS 7179
|b London Records
|
| 035 |
|
|
|a (OCoLC)9073655
|z (OCoLC)7199659
|
| 082 |
0 |
4 |
|a 786.41
|
| 099 |
|
|
|a LP-1061
|
| 100 |
1 |
|
|a Larrocha, Alicia de.
|4 prf
|
| 245 |
1 |
0 |
|a Mostly Mozart, volume 4.
|
| 260 |
|
|
|a New York :
|b London Records :
|b Distributed by Polygram Distribution,
|c ©1980.
|
| 300 |
|
|
|a 1 audio disc :
|b 33 1/3 rpm, stereo ;
|c 12 in.
|
| 336 |
|
|
|a performed music
|b prm
|2 rdacontent
|
| 337 |
|
|
|a audio
|b s
|2 rdamedia
|
| 338 |
|
|
|a audio disc
|b sd
|2 rdacarrier
|
| 511 |
0 |
|
|a Alicia de Larrocha, piano.
|
| 500 |
|
|
|a Title from container.
|
| 500 |
|
|
|a Program notes on container by John Davidson; durations included.
|
| 500 |
|
|
|a Gift from Gilbert and Thyra Plass Record Collection.
|
| 505 |
0 |
|
|a Piano sonatas in E flat (K. 282) / Mozart -- Piano sonata in A minor (310) / Mozart -- Bagatelles, op. 33 / Beethoven.
|
| 650 |
|
0 |
|a Sonatas (Piano)
|
| 650 |
|
0 |
|a Piano music.
|
| 650 |
|
6 |
|a Sonates (Piano)
|
| 650 |
|
6 |
|a Piano, Musique de.
|
| 650 |
|
7 |
|a Piano music.
|2 fast
|0 (OCoLC)fst01063403
|
| 650 |
|
7 |
|a Sonatas (Piano)
|2 fast
|0 (OCoLC)fst01125930
|
| 700 |
1 |
2 |
|a Mozart, Wolfgang Amadeus,
|d 1756-1791.
|t Sonatas,
|m piano,
|n K. 282,
|r E♭ major.
|
| 700 |
1 |
2 |
|a Mozart, Wolfgang Amadeus,
|d 1756-1791.
|t Sonatas,
|m piano,
|n K. 310,
|r A minor.
|
| 700 |
1 |
2 |
|a Beethoven, Ludwig van,
|d 1770-1827.
|t Bagatelles,
|m piano,
|n op. 33.
|
| 994 |
|
|
|a Z0
|b TXA
|
| 948 |
|
|
|h NO HOLDINGS IN TXA - 42 OTHER HOLDINGS
|
| 999 |
f |
f |
|s 766b9b63-9ceb-4444-9e04-a7fc22e8cf7c
|i 766b9b63-9ceb-4444-9e04-a7fc22e8cf7c
|t 0
|
| 952 |
f |
f |
|p ric
|a Texas A&M University
|b Rellis Campus
|c Joint Library Facility
|d Remote Storage
|t 0
|e LP-1061
|h Other scheme
|i audio -- audio disc
|m A14851291584
|
| 998 |
f |
f |
|a LP-1061
|t 0
|l Remote Storage
|